Statistics for Characters from Books

Click here to take the quiz!

General Stats

  • This quiz has been taken 37 times
  • The average score is 6 of 18

Answer Stats

HintAnswer% Correct
Boo RadleyTo Kill a Mockingbird
87%
Winston SmithNineteen Eighty-Four
77%
RaskolnikovCrime and Punishment
63%
Lennie SmallOf Mice and Men
63%
John YossarianCatch-22
53%
Maxim de WinterRebecca
50%
Jonathan HarkerDracula
37%
Friar LaurenceRomeo and Juliet
33%
Margarita NikolaevnaThe Master and Margarita
27%
SantiagoThe Old Man and the Sea
27%
Sal ParadiseOn the Road
20%
Esther GreenwoodThe Bell Jar
20%
Lord Henry WottonThe Picture of Dorian Gray
17%
Elizabeth LavenzaFrankenstein
13%
Abigail WilliamsThe Crucible
10%
Richard PapenThe Secret History
10%
Henry ChinaskiPost Office
3%
SharikovThe Heart of a Dog
3%

Score Distribution

Percentile by Number Answered

Percent of People with Each Score

Your Score History

You have not taken this quiz